00497nam a2200157Ia 4500008004100000041001200041082001800053100002100071245001400092260001700106300000900123650002300132942000700155999001900162952015800181231217s9999 xx 000 0 und d aEnglish a001.6404 TIS aTischer, Michael 0aPC intern c1992bAbacus a1320 aPersonal computers cAA c162590d162590 r2024-01-26 00:00:00l0o001.6404 TISp5331v1462.50w2024-01-26yAA1040708CL00aMLbMLcLAd1993-04-10g45.00ECSK164L20/11/1995GUSDF32.5V0W0